Catálogo
 En Linea

O guarani : (Registro nro. 36117)

Detalles MARC
000 -CABECERA
campo de control de longitud fija 00405nam a2200145 a 4500
001 - NÚMERO DE CONTROL
campo de control 000036626
005 - FECHA Y HORA DE LA ÚLTIMA TRANSACCIÓN
campo de control 20200930075833.0
008 - DATOS DE LONGITUD FIJA--INFORMACIÓN GENERAL
campo de control de longitud fija 120123s1958 br 000 0 spa d
040 ## - FUENTE DE LA CATALOGACIÓN
Centro catalogador/agencia de origen DO-SdBNP
Lengua de catalogación spa
Centro/agencia transcriptor BNPHU
100 1# - ENTRADA PRINCIPAL--NOMBRE DE PERSONA
Nombre de persona Alencar, José de
9 (RLIN) 62926
245 10 - MENCIÓN DE TÍTULO
Título O guarani :
Resto del título romance brasileiro /.
250 ## - MENCIÓN DE EDICIÓN
Mención de edición 18a ed.
260 ## - PUBLICACIÓN, DISTRIBUCIÓN, ETC.
Lugar de publicación, distribución, etc. [Brasil] :
Nombre del editor, distribuidor, etc. Melhoramentos Edições,
Fecha de publicación, distribución, etc. 1958.
300 ## - DESCRIPCIÓN FÍSICA
Extensión 327 p. ;
Dimensiones 20 cm.
Existencias
Estado de retiro Estado de pérdida Restricciones de uso No para préstamo Código de colección Localización permanente Ubicación/localización actual Ubicación en estantería Fecha de adquisición Número de inventario Total de préstamos Signatura topográfica completa Código de barras Fecha visto por última vez Precio válido a partir de Tipo de ítem Koha
      Excluido de préstamo Monografías: Libros y Folletos General General En catalogación 23.01.2012 LF1   36626-10 25.06.2020 25.06.2020 No se presta

Con tecnología Koha